| 000 | 01106nam a2200301Ia 4500 | ||
|---|---|---|---|
| 003 | OSt | ||
| 005 | 20221005110630.0 | ||
| 006 | a|||||r|||| 00| 0 | ||
| 007 | ta | ||
| 008 | 221004b |||||||| |||| 00| 0 hin d | ||
| 020 |
_a9789326351669 (pbk) _cINR 160.00 |
||
| 024 | _a37804 | ||
| 037 |
_bBW/1686, 15/03/2018, Bookwell _cTextual |
||
| 040 |
_aCRL _cCRL _bhin |
||
| 041 |
_2hin _ahin |
||
| 082 | _aO152,1N08x, L3;Q7 | ||
| 100 | _aरामधारी सिंह, ले. | ||
| 245 | 0 | _aसंचयिता | |
| 246 | _aSanchayitā | ||
| 250 | _aसंस्करण 16 | ||
| 260 |
_aनई दिल्ली _bभारतीय ज्ञानपीठ भारत _c2017 |
||
| 300 |
_a215पृ0 _ccm. |
||
| 490 | _aलोकोदय ग्रन्थमाला; ग्रन्थांक 358 | ||
| 650 | _a हिन्दी साहित्य | ||
| 650 | _aहिन्दी कविता | ||
| 942 |
_hO152,1N08x, L3;Q7 _cTEXL _2cc |
||
| 999 |
_c1019400 _d1019400 |
||